The book of the landed estate (Record no. 114045)

MARC details
000 -LEADER
fixed length control field 00625cam a22001815a 4500
001 - CONTROL NUMBER
control field L156119
008 - FIXED-LENGTH DATA ELEMENTS--GENERAL INFORMATION
fixed length control field 120430s1869 xxk f 000 0 eng d
035 ## - SYSTEM CONTROL NUMBER
System control number (Sirsi) u156119
041 0# - LANGUAGE CODE
Language code of text/sound track or separate title eng
100 1# - MAIN ENTRY--PERSONAL NAME
Personal name Brown, Robert Erskine
245 04 - TITLE STATEMENT
Title The book of the landed estate
Remainder of title containing directions for the management and development of the resources of landed property
260 ## - PUBLICATION, DISTRIBUTION, ETC.
Place of publication, distribution, etc. Edinburgh
Name of publisher, distributor, etc. W. Blackwood
Date of publication, distribution, etc. 1869
300 ## - PHYSICAL DESCRIPTION
Extent xiii, 505 p., [6] leaves of plates
Other physical details ill., forms
Dimensions 25 cm.
583 ## - ACTION NOTE
Action Condition reviewed
Time/date of action 20120620
Status condition level 1
651 #4 - SUBJECT ADDED ENTRY--GEOGRAPHIC NAME
Geographic name Great Britain
Chronological subdivision 1707-
690 ## - LOCAL SUBJECT ADDED ENTRY--TOPICAL TERM (OCLC, RLIN)
Topical term or geographic name as entry element Rural
9 (RLIN) 6268
942 ## - ADDED ENTRY ELEMENTS (KOHA)
Suppress in OPAC 0
Holdings
Withdrawn status Lost status Damaged status Not for loan Home library Current library Shelving location Date acquired Total Checkouts Full call number Barcode Date last seen Copy number Price effective from Koha item type
        Historic collection Historic collection Historic collection 30/04/2012   LANDOWNING & ESTATE MANAGEMENT 1869 ERSKINE 30077986 26/08/2025 1 06/08/2019 Book